000 01196nam a22004450a 4500
001 PT32427
003 AR-LpoUNG
005 20210131225948.0
008 191001s2006||||ag |||||||||||||||||spa d
020 _a9871013493
_c$7.90
040 _aAR-LpoUNG
_bspa
_cAR-LpoUNG
_eaacr
041 _aspa
044 _aag
082 0 _a982.062 753per
100 1 _aDoyon, Louise M.
245 1 0 _aPerón y los trabajadores :
_blos orígenes del sindicalismo peronista : 1943-1955
250 _a1ra ed.
260 _aBuenos Aires :
_bSiglo Veintiuno,
_c2006.
300 _axxiv, 449 p. :
_btbls.
650 4 _aANALISIS HISTORICO
650 4 _aARGENTINA
650 4 _aASPECTOS ECONOMICOS
650 4 _aASPECTOS POLITICOS
650 4 _aASPECTOS SOCIALES
650 4 _aCLASE OBRERA
650 4 _aCONFLICTOS LABORALES
650 4 _aREVOLUCION
650 4 _aSINDICALISMO
650 4 _aSINDICATOS
650 4 _aTRABAJADORES
651 4 _aArgentina
653 _aINSERCION
653 _aPERONISMO
700 1 _aMc Kinnon, Moira
_etr.
700 1 _aPons, Horacio
_etr.
700 1 _aSuárez, Celina
_etr.
700 1 _aTorre, Juan Carlos
_edir.
905 _a32427
942 _cLSALA
999 _c700
_d700